[Event "POL Ch 52"]
[Site "Warszawa"]
[Date "1995.??.??"]
[Round "4"]
[White "Markowski, Tomasz"]
[Black "Macieja, Bartlomiej"]
[Result "1-0"]
[WhiteElo "2470"]
[BlackElo "2440"]
[PlyCount "171"]
[EventDate "1995.??.??"]
[Source "Vistula"]
[SourceDate "1999.08.16"]

1. Nf3 Nf6 2. e3 g6 3. b3 Bg7 4. Bb2 O-O 5. Be2 c5 6. O-O b6 7. c4 Bb7 8. d3
Nc6 9. a3 d5 10. cxd5 Qxd5 11. Nbd2 h5 12. Rb1 e5 13. Qc2 Rac8 14. Rbc1 Nh7 15.
Qb1 g5 16. Qc2 g4 17. Nh4 Qe6 18. e4 Ne7 19. f3 Bf6 20. Nf5 Nxf5 21. exf5 Qxf5
22. fxg4 Qg5 23. Ne4 Bxe4 24. dxe4 hxg4 25. Qc3 Bg7 26. Rf5 Qh4 27. g3 Qe7 28.
Rcf1 Ng5 29. Qe3 Nf3+ 30. Bxf3 gxf3 31. Qxf3 Rc6 32. Rh5 Rf6 33. Qg4 Qe6 34.
Rhf5 Rg6 35. Qf3 b5 36. h4 Qe7 37. Kh2 c4 38. bxc4 bxc4 39. Bc1 Rc6 40. h5 Bh6
41. Bxh6 Rxh6 42. Qc3 f6 43. Qxc4+ Qf7 44. Qe2 Qe6 45. Qf3 Rc8 46. Rf2 Rc6 47.
g4 Qe8 48. Qe3 Qg6 49. Qb3+ Kh8 50. Rd2 Rc8 51. Qe3 Qg7 52. Rd7 Qxd7 53. Qxh6+
Kg8 54. Qg6+ Qg7 55. Rxf6 Qxg6 56. Rxg6+ Kf7 57. Ra6 Rc4 58. Kg3 Rxe4 59. Rxa7+
Kg8 60. Kh4 Rc4 61. Kg5 e4 62. Re7 Ra4 63. Kf5 Rxa3 64. Rxe4 Kg7 65. Re7+ Kf8
66. Rb7 Kg8 67. Kg5 Ra5+ 68. Kh4 Ra6 69. Rb4 Kg7 70. g5 Kh7 71. Rb7+ Kg8 72. h6
Ra4+ 73. Kh5 Ra5 74. Rg7+ Kh8 75. Re7 Kg8 76. Kg6 Ra6+ 77. Kf5 Ra1 78. g6 Ra8
79. Rb7 Ra5+ 80. Ke4 Ra8 81. Kd5 Kh8 82. Kc6 Re8 83. Rd7 Re6+ 84. Rd6 Re8 85.
Kc7 Re7+ 86. Rd7 1-0

[Event "POL Ch 52"]
[Site "Warszawa"]
[Date "1995.??.??"]
[Round "4"]
[White "Oliwa, Marek"]
[Black "Wojtkiewicz, Aleksander"]
[Result "0-1"]
[WhiteElo "2405"]
[BlackElo "2530"]
[PlyCount "80"]
[EventDate "1995.??.??"]
[Source "Vistula"]
[SourceDate "1999.08.16"]

1. d4 Nf6 2. Nf3 g6 3. Nc3 d5 4. Bf4 Bg7 5. e3 O-O 6. Be2 c5 7. Ne5 $11 (7.
dxc5) 7... cxd4 8. exd4 Qb6 9. Qd2 Qxb2 10. Rb1 Qa3 11. Nb5 Qxa2 12. O-O Ne4
13. Qe1 $8 Nc6 14. Ra1 Qb2 $1 (14... Qxc2 $6 15. Bd3 Qb3 16. Ra3 $18) 15. Rb1
Qxc2 16. Bd3 Qa4 17. Ra1 Nxe5 $1 18. Rxa4 Nxd3 19. Qe3 Nxf4 20. Qxf4 Bd7 $44
21. Rb4 a5 22. Rb2 Rfc8 $1 (22... Bxb5 23. Rxb5 Nc3 24. Rb2 b5 {z b4}) 23. Qe3
a4 24. h3 (24. Na3 Rc3 $1) 24... a3 25. Nxa3 Rc3 26. Qf4 Rcxa3 27. Rxb7 Be6 $1
28. Rb8+ Rxb8 29. Qxb8+ Bf8 30. Rb1 Rc3 31. Qa7 Rc8 32. Rd1 h5 33. Qb7 h4 34.
Qa7 Nd6 35. Qa3 Bg7 36. Qa7 Bf6 37. Rd3 Kg7 38. Kh1 Rc1+ 39. Kh2 Rc4 40. Kh1
Nb5 {[Wojtkiewicz]} 0-1

[Event "POL Ch 52"]
[Site "Warszawa"]
[Date "1995.??.??"]
[Round "4"]
[White "Schmidt, Wlodzimierz"]
[Black "Czerwonski, Aleksander"]
[Result "1/2-1/2"]
[WhiteElo "2475"]
[BlackElo "2370"]
[PlyCount "23"]
[EventDate "1995.??.??"]
[Source "Vistula"]
[SourceDate "1999.08.16"]

1. Nf3 d6 2. d4 Bg4 3. c4 Nd7 4. d5 Bxf3 5. exf3 g6 6. Be3 Bg7 7. Qd2 c6 8. Nc3
Ngf6 9. Rc1 Qa5 10. Be2 cxd5 11. cxd5 O-O 12. O-O 1/2-1/2

[Event "POL Ch 52"]
[Site "Warszawa"]
[Date "1995.??.??"]
[Round "4"]
[White "Socko, Bartosz"]
[Black "Kaminski, Marcin"]
[Result "1-0"]
[WhiteElo "2385"]
[BlackElo "2455"]
[PlyCount "71"]
[EventDate "1995.??.??"]
[Source "Vistula"]
[SourceDate "1999.08.16"]

1. e4 e6 2. d4 d5 3. Nc3 Nf6 4. e5 Nfd7 5. f4 c5 6. Nf3 Nc6 7. Be3 cxd4 8. Nxd4
Bc5 9. Qd2 O-O 10. O-O-O a6 11. h4 Bxd4 12. Bxd4 b5 13. Rh3 b4 14. Na4 Qa5 15.
b3 Nxd4 16. Qxd4 Bb7 17. c3 $1 Rfc8 18. Kb2 bxc3+ 19. Rxc3 Rxc3 20. Qxc3 Qd8 $6
21. g3 Rc8 22. Qb4 Qc7 23. Bd3 a5 24. Qd6 $1 Qxd6 25. exd6 Rc6 26. Bb5 Rxd6 27.
Rc1 Nb6 28. Rc7 Nxa4+ 29. bxa4 Rb6 30. Kc3 $1 e5 31. fxe5 g5 32. e6 fxe6 33.
Kd4 gxh4 34. Kc5 Rxb5+ 35. axb5 d4 (35... hxg3 36. Kb6 g2 37. Rc1 $18) 36. gxh4
1-0

[Event "POL Ch 52"]
[Site "Warszawa"]
[Date "1995.??.??"]
[Round "4"]
[White "Weglarz, Leszek"]
[Black "Grabarczyk, Bogdan"]
[Result "1/2-1/2"]
[WhiteElo "2365"]
[BlackElo "2375"]
[PlyCount "32"]
[EventDate "1995.??.??"]
[Source "Vistula"]
[SourceDate "1999.08.16"]

1. d4 f5 2. g3 Nf6 3. Bg2 g6 4. Nf3 Bg7 5. O-O O-O 6. c4 d6 7. Nc3 Nc6 8. d5
Na5 9. Nd2 c5 10. Qc2 e5 11. a3 b6 12. b4 Nb7 13. Nb3 Bd7 14. bxc5 dxc5 15. a4
a5 16. Nb5 Bxb5 1/2-1/2

[Event "POL Ch 52"]
[Site "Warszawa"]
[Date "1995.??.??"]
[Round "5"]
[White "Czerwonski, Aleksander"]
[Black "Gdanski, Jacek"]
[Result "1/2-1/2"]
[WhiteElo "2370"]
[BlackElo "2490"]
[PlyCount "80"]
[EventDate "1995.??.??"]
[Source "Vistula"]
[SourceDate "1999.08.16"]

1. d4 Nf6 2. c4 g6 3. Nc3 Bg7 4. e4 d6 5. f3 O-O 6. Be3 e5 7. d5 c6 8. Bd3 b5
9. a3 Ba6 10. cxb5 cxd5 11. exd5 Bb7 12. Nge2 Nbd7 13. Bc4 Nb6 14. Ba2 a6 15.
bxa6 Rxa6 16. Qd3 Ra5 17. O-O Ba6 18. Qd2 Nc4 19. Bxc4 Bxc4 20. b4 Ra8 21. a4
Qc7 22. b5 Rfb8 23. Rfb1 Bxe2 24. Nxe2 Qc4 25. Rc1 Qxd5 26. Qxd5 Nxd5 27. Bd2
e4 28. fxe4 Bxa1 29. Rxa1 Nc7 30. Bc3 Nxb5 31. axb5 Rxa1+ 32. Bxa1 Rxb5 33. Bd4
f5 34. exf5 Rxf5 35. g3 Kf7 36. h4 h6 37. Be3 g5 38. hxg5 hxg5 39. g4 Ra5 40.
Kf2 Kg6 1/2-1/2

[Event "POL Ch 52"]
[Site "Warszawa"]
[Date "1995.??.??"]
[Round "5"]
[White "Grabarczyk, Bogdan"]
[Black "Schmidt, Wlodzimierz"]
[Result "1/2-1/2"]
[WhiteElo "2375"]
[BlackElo "2475"]
[PlyCount "101"]
[EventDate "1995.??.??"]
[Source "Vistula"]
[SourceDate "1999.08.16"]

1. e4 e6 2. d4 d5 3. Nc3 Bb4 4. e5 c5 5. a3 Bxc3+ 6. bxc3 Ne7 7. Qg4 O-O 8. Bd3
Nbc6 9. Nf3 f5 10. exf6 Rxf6 11. Bg5 e5 12. Bxh7+ Kxh7 13. Qh4+ Rh6 14. Bxh6
gxh6 15. Nxe5 Nxe5 16. dxe5 Be6 17. f4 Qd7 18. Qf2 Rg8 19. h3 $2 (19. Qxc5 $142
) 19... d4 $1 $17 20. g4 Qc6 21. Kd2 dxc3+ 22. Kxc3 Nd5+ 23. Kb2 Qb5+ 24. Kc1
Nc3 25. Qe3 Na2+ 26. Rxa2 Bxa2 27. Qd3+ Qxd3 28. cxd3 Kg6 $19 29. Kd2 Kf7 30.
Ke3 Bd5 31. Rc1 b6 32. d4 c4 33. f5 b5 34. Kf4 a5 35. Rb1 Rb8 (35... c3 $1 36.
Rxb5 Rc8) 36. e6+ Kf6 $4 (36... Bxe6 $8 37. fxe6+ Kxe6 $17) 37. h4 c3 38. g5+
hxg5+ 39. hxg5+ Ke7 40. Ke5 c2 41. Rc1 $4 (41. f6+ $18) 41... Bxe6 $1 42. fxe6
(42. Rxc2) 42... Rg8 43. Rxc2 Rxg5+ 44. Kf4 Rd5 45. Ke4 Kxe6 46. Rc6+ Rd6 47.
Rc5 Rb6 48. Rh5 Rb8 49. Rh6+ Kf7 50. Ra6 b4 51. Rxa5 {[Grabarczyk,B]} 1/2-1/2

[Event "POL Ch 52"]
[Site "Warszawa"]
[Date "1995.??.??"]
[Round "5"]
[White "Grabarczyk, Miroslaw"]
[Black "Jaracz, Pawel"]
[Result "1-0"]
[WhiteElo "2440"]
[BlackElo "2410"]
[PlyCount "83"]
[EventDate "1995.??.??"]
[Source "Vistula"]
[SourceDate "1999.08.16"]

1. d4 Nf6 2. c4 g6 3. Nf3 Bg7 4. g3 O-O 5. Bg2 d6 6. Nc3 Nc6 7. O-O a6 8. b3
Rb8 9. Nd5 Nh5 10. Bb2 e6 11. Nc3 b5 12. d5 Ne7 13. dxe6 fxe6 14. Nd2 bxc4 15.
Nxc4 d5 16. Nd2 c5 17. Qc2 Bd7 18. Nd1 Qa5 19. Bxg7 Nxg7 20. e4 Bb5 21. Re1 d4
22. f3 Nc6 23. Qc1 Nb4 24. Nf2 d3 25. Qc3 Qd8 26. a4 Be8 27. Red1 Qd4 28. Qxd4
cxd4 29. Nc4 Nc2 30. Rab1 g5 31. Nxd3 Bh5 32. Nde5 Rfc8 33. Rd2 Ne3 34. Rxd4
Rb4 35. Kf2 Nxc4 36. Rxc4 Rcxc4 37. Nxc4 Be8 38. Nd2 e5 39. Bf1 a5 40. Bc4+ Kf8
41. Rc1 Ke7 42. Bd5 1-0

[Event "POL Ch 52"]
[Site "Warszawa"]
[Date "1995.??.??"]
[Round "5"]
[White "Kuczynski, Robert"]
[Black "Oliwa, Marek"]
[Result "1/2-1/2"]
[WhiteElo "2510"]
[BlackElo "2405"]
[PlyCount "43"]
[EventDate "1995.??.??"]
[Source "Vistula"]
[SourceDate "1999.08.16"]

1. e4 Nf6 2. e5 Nd5 3. d4 d6 4. c4 Nb6 5. exd6 exd6 6. Nc3 g6 7. h3 Bg7 8. Nf3
O-O 9. Be2 Nc6 10. O-O Ne7 11. Re1 h6 12. d5 Nf5 13. Bf1 Nd7 14. Bf4 g5 15. Bh2
h5 16. Nd2 Nd4 17. Nb3 Nxb3 18. axb3 h4 19. Bd3 Ne5 20. Bc2 f5 21. Qh5 Bd7 22.
Qe2 1/2-1/2

[Event "POL Ch 52"]
[Site "Warszawa"]
[Date "1995.??.??"]
[Round "5"]
[White "Matlak, Marek"]
[Black "Kempinski, Robert"]
[Result "1-0"]
[WhiteElo "2465"]
[BlackElo "2435"]
[PlyCount "111"]
[EventDate "1995.??.??"]
[Source "Vistula"]
[SourceDate "1999.08.16"]

1. Nf3 Nf6 2. c4 g6 3. g3 Bg7 4. Bg2 O-O 5. O-O d6 6. d4 Nbd7 7. Qc2 e5 8. Rd1
Qe7 9. Nc3 c6 10. b3 Re8 11. e4 a5 12. d5 cxd5 13. cxd5 Nc5 14. Be3 Bd7 15.
Bxc5 dxc5 16. Nd2 Reb8 17. a4 Ne8 18. Bf1 Nd6 19. Nc4 b6 20. Nxd6 Qxd6 21. Kg2
Rd8 22. Bb5 Bf8 23. Bxd7 Qxd7 24. Nb5 Bd6 25. Na3 Rf8 26. Nc4 Qc7 27. Ne3 Qd7
28. Qd3 f6 29. Qb5 Qxb5 30. axb5 Rab8 31. Nc4 Rfd8 32. Kf3 Kf7 33. Ke3 Ke7 34.
f4 Rf8 35. Rf1 Kd7 36. Rf2 Bc7 37. Raf1 exf4+ 38. gxf4 Rbe8 39. h4 Rf7 40. Kf3
g5 41. d6 Bd8 42. hxg5 fxg5 43. f5 h5 44. Re2 $5 Rxf5+ 45. exf5 g4+ 46. Kf2
Bh4+ 47. Kg1 Rxe2 48. f6 Re8 49. Ne5+ Kxd6 (49... Rxe5 50. f7 Re3 51. Rf4 Re1+
$11) 50. f7 Rf8 51. Ng6 Be7 52. Nxf8 Bxf8 53. Rf6+ Ke7 54. Rxb6 Kxf7 55. Rc6
Bg7 56. Rc7+ 1-0

[Event "POL Ch 52"]
[Site "Warszawa"]
[Date "1995.??.??"]
[Round "5"]
[White "Urban, Klaudiusz"]
[Black "Socko, Bartosz"]
[Result "1/2-1/2"]
[WhiteElo "2410"]
[BlackElo "2385"]
[PlyCount "44"]
[EventDate "1995.??.??"]
[Source "Vistula"]
[SourceDate "1999.08.16"]

1. d4 Nf6 2. c4 g6 3. Nc3 Bg7 4. e4 d6 5. h3 O-O 6. Bg5 c5 7. d5 h6 8. Be3 e6
9. Bd3 exd5 10. cxd5 Nbd7 11. Nf3 Re8 12. O-O b5 $1 13. Nxb5 Nxe4 14. Bxe4 Rxe4
15. Nxd6 Rb4 16. Nxc8 Rxc8 17. Rb1 Nb6 18. Qe2 Qxd5 19. b3 c4 20. bxc4 Qxc4 21.
Qxc4 Rcxc4 22. Rfd1 Rxb1 1/2-1/2

[Event "POL Ch 52"]
[Site "Warszawa"]
[Date "1995.??.??"]
[Round "6"]
[White "Gdanski, Jacek"]
[Black "Grabarczyk, Bogdan"]
[Result "1-0"]
[WhiteElo "2490"]
[BlackElo "2375"]
[PlyCount "87"]
[EventDate "1995.??.??"]
[Source "Vistula"]
[SourceDate "1999.08.16"]

1. e4 c5 2. Nc3 Nc6 3. Nf3 g6 4. Bb5 Bg7 5. Bxc6 dxc6 6. h3 f6 7. d3 Nh6 8. Be3
b6 9. Qd2 Nf7 10. O-O-O e5 11. g4 Be6 12. Kb1 Qd7 13. Ne2 O-O-O 14. Ng3 Qb7 15.
Qe2 Qa6 16. b3 h6 17. Bc1 Rd7 18. Nh4 Nd6 19. Nxg6 Nb5 20. Bb2 Rhd8 21. Nf5 Kb7
22. f4 Bf7 23. Ngh4 Bf8 24. fxe5 fxe5 25. Nf3 Na3+ 26. Bxa3 Qxa3 27. c4 Re8 28.
Qb2 Qxb2+ 29. Kxb2 b5 30. Kc2 a5 31. a4 Ka6 32. h4 Rb7 33. Rb1 bxa4 34. bxa4
Rb4 35. Rxb4 cxb4 36. h5 Be6 37. Re1 Bf7 38. N3h4 Rd8 39. Ng6 b3+ 40. Kxb3
Rxd3+ 41. Kc2 Rd8 42. Rd1 Rb8 43. Nxf8 Rxf8 44. Rd6 1-0

[Event "POL Ch 52"]
[Site "Warszawa"]
[Date "1995.??.??"]
[Round "6"]
[White "Jaracz, Pawel"]
[Black "Matlak, Marek"]
[Result "1/2-1/2"]
[WhiteElo "2410"]
[BlackElo "2465"]
[PlyCount "23"]
[EventDate "1995.??.??"]
[Source "Vistula"]
[SourceDate "1999.08.16"]

1. c4 e6 2. Nc3 d5 3. d4 Nf6 4. Nf3 Nbd7 5. e3 Be7 6. b3 O-O 7. Bd3 b6 8. Bb2
Bb7 9. Qc2 c5 10. cxd5 exd5 11. O-O a6 12. Rfd1 1/2-1/2

[Event "POL Ch 52"]
[Site "Warszawa"]
[Date "1995.??.??"]
[Round "6"]
[White "Kempinski, Robert"]
[Black "Czerwonski, Aleksander"]
[Result "1-0"]
[WhiteElo "2435"]
[BlackElo "2370"]
[PlyCount "93"]
[EventDate "1995.??.??"]
[Source "Vistula"]
[SourceDate "1999.08.16"]

1. Nf3 d6 2. d4 Bg4 3. c4 Nd7 4. d5 c5 5. Nc3 Ngf6 6. Bg5 e5 7. Nd2 Be7 8. f3
Bh5 9. Be3 Bg6 10. Bf2 e4 11. f4 Ng4 12. Ndxe4 Bxe4 13. Nxe4 f5 14. e3 Qb6 15.
Rb1 Qb4+ 16. Nd2 O-O 17. Bd3 Nxf2 18. Kxf2 Rae8 19. Re1 g6 20. h3 Nf6 21. Qc2
Bd8 22. a3 Qa5 23. g3 Qc7 24. Kg2 Qg7 25. Re2 Kh8 26. Rf1 a6 27. Qc3 Rf7 28.
Nf3 Ne4 29. Qxg7+ Kxg7 30. Bxe4 Rxe4 31. Nd2 Re8 32. e4 Bf6 33. b3 Rfe7 34.
Rfe1 Bc3 35. e5 dxe5 36. d6 Re6 37. fxe5 Kf7 38. Nf3 h6 39. Rd1 Rd8 40. Rd5 b6
41. Rd3 Ba5 42. Rb2 b5 43. cxb5 axb5 44. b4 cxb4 45. axb4 Bb6 46. Rd5 g5 47. g4
1-0

[Event "POL Ch 52"]
[Site "Warszawa"]
[Date "1995.??.??"]
[Round "6"]
[White "Macieja, Bartlomiej"]
[Black "Kaminski, Marcin"]
[Result "1-0"]
[WhiteElo "2445"]
[BlackElo "2445"]
[PlyCount "79"]
[EventDate "1995.??.??"]
[Source "Vistula"]
[SourceDate "1999.08.16"]

1. e4 e6 2. d4 d5 3. Nd2 Nf6 4. e5 Nfd7 5. Bd3 c5 6. c3 b6 7. Ne2 Ba6 8. Bxa6
Nxa6 9. Nf3 Be7 10. h4 h6 11. Nf4 Nc7 12. Rh3 b5 13. Qd3 c4 14. Qc2 Nf8 15. Rg3
g6 16. h5 g5 17. Nh3 Qd7 18. Nh2 O-O-O 19. Ng4 Nh7 20. Nxh6 Qe8 21. Ng4 f5 22.
exf6 Bd6 23. Ne5 g4 24. f7 Qf8 25. Rxg4 Nf6 26. Rh4 Bxe5 27. dxe5 Ne4 28. Be3
Qxf7 29. Nf4 b4 30. f3 Ng3 31. Qg6 Qf5 32. Qxg3 bxc3 33. bxc3 Qxe5 34. Kf2 Qxc3
35. Rc1 Qb2+ 36. Ne2 Rhg8 37. Rg4 Rgf8 38. Bd4 Qd2 39. Rg7 Nb5 40. Qe5 1-0

[Event "POL Ch 52"]
[Site "Warszawa"]
[Date "1995.??.??"]
[Round "6"]
[White "Markowski, Tomasz"]
[Black "Urban, Klaudiusz"]
[Result "1-0"]
[WhiteElo "2470"]
[BlackElo "2410"]
[PlyCount "121"]
[EventDate "1995.??.??"]
[Source "Vistula"]
[SourceDate "1999.08.16"]

1. Nf3 Nf6 2. e3 g6 3. b3 Bg7 4. Bb2 O-O 5. Be2 d6 6. d4 Nbd7 7. c4 e5 8. Nc3
Re8 9. Qc2 a6 10. O-O e4 11. Nd2 Qe7 12. Rae1 Nf8 13. Bd1 Bf5 14. Qb1 c6 15.
Bc2 d5 16. f3 exf3 17. Bxf5 fxg2 18. Kxg2 gxf5 19. Qxf5 Ng6 20. Kh1 Qe6 21.
Qxe6 Rxe6 22. e4 dxe4 23. Ncxe4 Nxe4 24. Rxe4 Rae8 25. Rfe1 Nf4 26. Rxe6 Rxe6
27. Rg1 Rg6 28. Ne4 Nd3 29. Rxg6 hxg6 30. Bc3 f5 31. Nd6 c5 32. Nxb7 cxd4 33.
Ba5 Ne5 34. Kg2 Bh6 35. Nc5 f4 36. h3 f3+ 37. Kg3 Kf7 38. Ne4 Ke6 39. Bd2 Kf5
40. Nd6+ Ke6 41. Bxh6 Kxd6 42. Bf4 d3 43. Kf2 Kc5 44. Ke3 Nc6 45. Kxd3 Nb4+ 46.
Ke4 Nxa2 47. Kxf3 a5 48. Be3+ Kb4 49. Bd2+ Kc5 50. Kg4 Nb4 51. Be3+ Kd6 52. Kg5
Nd3 53. Kxg6 Ke6 54. c5 Ke5 55. h4 Ke4 56. Bg1 Nf4+ 57. Kf6 Kd5 58. Kf5 Ne2 59.
h5 Nxg1 60. h6 Nf3 61. h7 1-0

[Event "POL Ch 52"]
[Site "Warszawa"]
[Date "1995.??.??"]
[Round "6"]
[White "Socko, Bartosz"]
[Black "Grabarczyk, Miroslaw"]
[Result "1/2-1/2"]
[WhiteElo "2385"]
[BlackElo "2440"]
[PlyCount "84"]
[EventDate "1995.??.??"]
[Source "Vistula"]
[SourceDate "1999.08.16"]

1. e4 e5 2. Nf3 Nc6 3. Bb5 a6 4. Ba4 Nf6 5. Qe2 d6 6. c3 Bd7 7. O-O Be7 8. d3
O-O 9. Nbd2 Re8 10. Re1 Bf8 11. Bb3 Be6 12. Bxe6 Rxe6 13. c4 Re8 14. Nf1 Nd7
15. Ne3 Ne7 16. b3 Nc5 17. Qc2 Ne6 18. Bb2 c5 19. Qd2 g6 20. Qd1 Bg7 21. Rb1
Rf8 22. Bc1 Nc6 23. Nd5 b5 24. b4 Nxb4 25. Nxb4 cxb4 26. Rxb4 bxc4 27. dxc4 Qc7
28. Qd5 Rfc8 29. Be3 Rab8 30. Rb3 Nf4 31. Bxf4 exf4 32. h3 Rxb3 33. axb3 Rb8
34. Rd1 Rxb3 35. Qxd6 Qxd6 36. Rxd6 Rc3 37. Rd8+ Bf8 38. Ne5 Kg7 39. Kf1 Be7
40. Rd7 Kf6 41. Rd5 Ke6 42. Nd3 Rxc4 1/2-1/2

[Event "POL Ch 52"]
[Site "Warszawa"]
[Date "1995.??.??"]
[Round "6"]
[White "Weglarz, Leszek"]
[Black "Kuczynski, Robert"]
[Result "1/2-1/2"]
[WhiteElo "2365"]
[BlackElo "2510"]
[PlyCount "82"]
[EventDate "1995.??.??"]
[Source "Vistula"]
[SourceDate "1999.08.16"]

1. d4 d5 2. c4 c6 3. Nf3 dxc4 4. e3 b5 5. a4 e6 6. b3 Bb4+ 7. Bd2 Bxd2+ 8.
Nfxd2 a5 9. bxc4 b4 10. c5 Nf6 11. Nc4 O-O 12. Be2 Ba6 13. O-O Nd5 14. Nd6 f5
15. Bxa6 Rxa6 16. Nd2 Ra7 17. Qb3 Qf6 18. Rae1 Kh8 19. N2c4 f4 20. Ne5 Rc7 21.
Ne4 Qh6 22. exf4 Nxf4 23. g3 Nd5 24. f4 Nd7 25. Ng5 Nxe5 26. Rxe5 Re7 27. Rfe1
Nc7 28. Qf3 Nd5 29. Nxe6 Rfe8 30. Ng5 Qg6 31. Ne4 Rxe5 32. dxe5 Rb8 33. f5 Qh6
34. Qb3 Rf8 35. Nd6 Qd2 36. Rd1 Qe2 37. Rxd5 Qe1+ 38. Kg2 Qe2+ 39. Kg1 cxd5 40.
Qxd5 Qe1+ 41. Kg2 Qe2+ 1/2-1/2

[Event "POL Ch 52"]
[Site "Warszawa"]
[Date "1995.??.??"]
[Round "7"]
[White "Czerwonski, Aleksander"]
[Black "Jaracz, Pawel"]
[Result "1-0"]
[WhiteElo "2370"]
[BlackElo "2410"]
[PlyCount "55"]
[EventDate "1995.??.??"]
[Source "Vistula"]
[SourceDate "1999.08.16"]

1. d4 d5 2. c4 c6 3. Nf3 Nf6 4. Nc3 e6 5. Bg5 dxc4 6. e4 b5 7. e5 h6 8. Bh4 g5
9. Nxg5 hxg5 10. Bxg5 Nbd7 11. exf6 Bb7 12. g3 c5 13. d5 Bh6 14. Bxh6 Rxh6 15.
Qd2 Qxf6 16. Bg2 Ne5 17. O-O O-O-O 18. Ne4 Qh8 19. h4 Rxd5 20. Qe3 f5 21. Nc3
Rd4 22. Nxb5 Bxg2 23. Kxg2 Rdxh4 $2 24. Qxc5+ Kd8 25. Qc7+ Ke8 26. Nd6+ Kf8 27.
Qd8+ Kg7 28. Qxh8+ 1-0

[Event "POL Ch 52"]
[Site "Warszawa"]
[Date "1995.??.??"]
[Round "7"]
[White "Grabarczyk, Bogdan"]
[Black "Kempinski, Robert"]
[Result "1/2-1/2"]
[WhiteElo "2375"]
[BlackElo "2435"]
[PlyCount "83"]
[EventDate "1995.??.??"]
[Source "Vistula"]
[SourceDate "1999.08.16"]

1. e4 c5 2. Nf3 d6 3. d4 cxd4 4. Qxd4 a6 5. c4 Nc6 6. Qd2 g6 7. Nc3 Bh6 8. Qd1
Bg7 9. Bd3 Nf6 10. O-O O-O 11. Bg5 Bg4 12. h3 Bxf3 13. Qxf3 Rc8 14. Rac1 Nd7
15. Qd1 h6 16. Be3 Nce5 17. b3 Nxd3 18. Qxd3 Nc5 19. Qd2 Kh7 20. f3 Qa5 21.
Rfd1 Rfe8 22. Nd5 Qxd2 23. Rxd2 Ne6 24. b4 Rc6 25. Rd3 Nc7 26. a4 Na8 27. b5
axb5 28. axb5 Rcc8 29. b6 e6 30. Nb4 Bf8 31. Rb3 d5 32. exd5 Bxb4 33. Rxb4 exd5
34. Bf2 Re6 35. c5 Rxb6 36. Rxb6 Nxb6 37. Rd1 Na4 38. Rxd5 Kg7 39. Bd4+ Kf8 40.
Kf2 Ke7 41. h4 Rc6 42. g4 1/2-1/2

[Event "POL Ch 52"]
[Site "Warszawa"]
[Date "1995.??.??"]
[Round "7"]
[White "Grabarczyk, Miroslaw"]
[Black "Markowski, Tomasz"]
[Result "1/2-1/2"]
[WhiteElo "2440"]
[BlackElo "2470"]
[PlyCount "101"]
[EventDate "1995.??.??"]
[Source "Vistula"]
[SourceDate "1999.08.16"]

1. d4 Nf6 2. c4 e6 3. Nf3 b6 4. g3 Bb7 5. Bg2 Bb4+ 6. Bd2 Be7 7. Nc3 c6 8. O-O
O-O 9. Bg5 d5 10. Qb3 Nbd7 11. Rfd1 a6 12. a4 Rc8 13. Bxf6 Nxf6 14. Ne5 Ba8 15.
e4 dxc4 16. Nxc4 b5 17. Ne3 b4 18. Ne2 Qc7 19. e5 Nd5 20. Rac1 Qb8 21. Nf4 Bg5
22. Nexd5 cxd5 23. Rxc8 Rxc8 24. Nd3 Be7 25. Rc1 Rxc1+ 26. Nxc1 Qb6 27. Qd1 Bc6
28. b3 Be8 29. Bf1 f6 30. Bd3 a5 31. exf6 Bxf6 32. Ne2 Bh5 33. Qd2 Bxe2 34.
Qxe2 g6 35. Kg2 Kf7 36. Qe3 Qxd4 37. Qxd4 Bxd4 38. f4 Kf6 39. Kf3 h6 40. Bb5
Bc3 41. Bd3 Bd2 42. Bc2 Bc1 43. h3 g5 44. h4 gxf4 45. gxf4 h5 46. Bd3 Bd2 47.
Be2 e5 48. fxe5+ Kxe5 49. Kf2 Kd4 50. Bf3 Bf4 51. Ke2 1/2-1/2

[Event "POL Ch 52"]
[Site "Warszawa"]
[Date "1995.??.??"]
[Round "7"]
[White "Kuczynski, Robert"]
[Black "Schmidt, Wlodzimierz"]
[Result "1/2-1/2"]
[WhiteElo "2510"]
[BlackElo "2475"]
[PlyCount "39"]
[EventDate "1995.??.??"]
[Source "Vistula"]
[SourceDate "1999.08.16"]

1. e4 c5 2. Nf3 e6 3. b3 d6 4. Bb5+ Bd7 5. Bxd7+ Qxd7 6. Bb2 Nc6 7. O-O Nf6 8.
Re1 Be7 9. d4 cxd4 10. Nxd4 O-O 11. c4 Rfd8 12. Nc3 a6 13. Nxc6 bxc6 14. Qe2
Qb7 15. Rad1 Nd7 16. Na4 Qc7 17. Qg4 Bf6 18. Bxf6 Nxf6 19. Qg3 Qa5 20. Qc3
1/2-1/2

[Event "POL Ch 52"]
[Site "Warszawa"]
[Date "1995.??.??"]
[Round "7"]
[White "Matlak, Marek"]
[Black "Socko, Bartosz"]
[Result "1/2-1/2"]
[WhiteElo "2465"]
[BlackElo "2385"]
[PlyCount "55"]
[EventDate "1995.??.??"]
[Source "Vistula"]
[SourceDate "1999.08.16"]

1. d4 Nf6 2. Nf3 g6 3. c4 Bg7 4. g3 O-O 5. Bg2 d6 6. O-O Nbd7 7. Qc2 e5 8. Rd1
Qe7 9. Nc3 c6 10. b3 h6 11. e3 Ne8 12. Ba3 exd4 13. Nxd4 Nc5 14. Rac1 Bg4 15.
Rd2 Rd8 16. Ne4 Nxe4 17. Qxe4 Qxe4 18. Bxe4 Nf6 19. Bg2 Rfe8 20. h3 Bc8 21. Ne2
d5 22. Rcd1 Rd7 23. cxd5 Nxd5 24. e4 Nf6 25. Rxd7 Nxd7 26. Rd2 h5 27. f4 Nf8
28. Kf2 1/2-1/2

[Event "POL Ch 52"]
[Site "Warszawa"]
[Date "1995.??.??"]
[Round "7"]
[White "Oliwa, Marek"]
[Black "Weglarz, Leszek"]
[Result "1-0"]
[WhiteElo "2405"]
[BlackElo "2365"]
[PlyCount "75"]
[EventDate "1995.??.??"]
[Source "Vistula"]
[SourceDate "1999.08.16"]

1. c4 e6 2. Nc3 d5 3. d4 Be7 4. cxd5 exd5 5. Bf4 c6 6. e3 Nd7 7. Bd3 Nf8 8. Nf3
Ng6 9. Bg3 Bd6 10. Qc2 N8e7 (10... Nf6) 11. Ne5 (11. O-O) 11... f5 12. h4 Nxe5
13. dxe5 Bb4 14. h5 Be6 15. Kf1 Bxc3 16. Qxc3 b6 17. Bh4 c5 18. Bb5+ Kf7 19.
Rd1 Qc7 20. f4 Rhc8 21. Rh3 d4 $2 (21... a6 22. Be2 Nc6) 22. exd4 Nd5 23. Qd2
cxd4 24. Qxd4 Qc5 25. Ba6 Qxd4 26. Rxd4 Rc1+ 27. Kf2 Rc2+ 28. Kg1 Nc7 29. Bf1
Rxb2 $4 (29... Rc8 $1) 30. Rc3 $1 Nd5 31. Rcd3 Nb4 32. Rd7+ $1 Kg8 (32... Bxd7
33. Rxd7+ Kf8 34. Bc4) 33. Rd8+ Rxd8 34. Rxd8+ Kf7 35. Bb5 $1 g5 36. Bxg5 Bd5
37. Be8+ Kg7 38. h6+ {[Oliwa]} 1-0

[Event "POL Ch 52"]
[Site "Warszawa"]
[Date "1995.??.??"]
[Round "7"]
[White "Urban, Klaudiusz"]
[Black "Macieja, Bartlomiej"]
[Result "0-1"]
[WhiteElo "2410"]
[BlackElo "2440"]
[PlyCount "68"]
[EventDate "1995.??.??"]
[Source "Vistula"]
[SourceDate "1999.08.16"]

1. d4 Nf6 2. c4 g6 3. Nc3 d5 4. cxd5 Nxd5 5. g3 Bg7 6. Bg2 Nxc3 7. bxc3 c5 8.
Nf3 Nc6 9. Be3 O-O 10. O-O Be6 11. dxc5 Bxc3 12. Rc1 Qxd1 13. Rfxd1 Bf6 14. Rd2
Rfd8 15. Rb1 Bc3 16. Rxd8+ Rxd8 17. Rc1 Bf6 18. a4 Bb3 19. Rb1 Rd1+ 20. Rxd1
Bxd1 21. a5 Bxe2 22. Bd2 a6 23. h4 Bxf3 24. Bxf3 Bd4 25. Kf1 Bxc5 26. g4 Kf8
27. Be4 e6 28. Ke2 Ke8 29. g5 Kd8 30. h5 Kc8 31. f3 Bd6 32. hxg6 hxg6 33. Kd3
Bc7 34. Bc3 Nxa5 0-1

[Event "POL Ch 52"]
[Site "Warszawa"]
[Date "1995.??.??"]
[Round "7"]
[White "Wojtkiewicz, Aleksander"]
[Black "Gdanski, Jacek"]
[Result "1/2-1/2"]
[WhiteElo "2530"]
[BlackElo "2490"]
[PlyCount "31"]
[EventDate "1995.??.??"]
[Source "Vistula"]
[SourceDate "1999.08.16"]

1. d4 Nf6 2. Nf3 c5 3. c4 cxd4 4. Nxd4 Nc6 5. Nc3 e6 6. a3 Bc5 7. Nb3 Be7 8.
Bf4 O-O 9. e3 d5 10. cxd5 Nxd5 11. Nxd5 exd5 12. Bd3 Bf6 13. O-O Bxb2 14. Bxh7+
Kxh7 15. Qc2+ Bf5 16. Qxb2 1/2-1/2

[Event "POL Ch 52"]
[Site "Warszawa"]
[Date "1995.??.??"]
[Round "8"]
[White "Gdanski, Jacek"]
[Black "Kuczynski, Robert"]
[Result "1/2-1/2"]
[WhiteElo "2490"]
[BlackElo "2510"]
[PlyCount "31"]
[EventDate "1995.??.??"]
[Source "Vistula"]
[SourceDate "1999.08.16"]

1. e4 c6 2. d4 d5 3. exd5 cxd5 4. c4 Nf6 5. Nc3 e6 6. Nf3 Be7 7. cxd5 Nxd5 8.
Bd3 O-O 9. O-O Nc6 10. Re1 Bf6 11. Be4 Nce7 12. Qb3 b6 13. Nxd5 exd5 14. Bd3
Bf5 15. Bf4 Bxd3 16. Qxd3 1/2-1/2